| 000 | 01490cam a2200469 4500 | ||
|---|---|---|---|
| 003 | PE-LiUPU | ||
| 005 | 20250731173143.0 | ||
| 020 | _a8428505012 | ||
| 035 | _a(Sirsi) i9788428505017 | ||
| 035 | _a(Sirsi) 28840 | ||
| 035 | _a(Sirsi) 28840 | ||
| 041 | _aes | ||
| 044 | _aes | ||
| 082 | 0 | 4 |
_a220 _bS71 |
| 100 | 1 | _aLamadrid, Antonio G. | |
| 130 |
_aBíblia _d1964 _fEspañol _sEvaristo Martín Nieto. |
||
| 245 | 1 | 3 |
_aLa Santa Biblia / _cAntonio G. Lamadrid, Evaristo Martín Nieto, Juan Francisco Hernández. Manuel Revuelta Sañudo. |
| 250 | _aDécimonovena edición. | ||
| 264 | 1 |
_aMadrid : _bEdiciones Paulinas, _c1988 |
|
| 300 |
_a1504 p. ; _c15 cm. |
||
| 505 | 0 | _aAntiguo y Nuevo Testamento | |
| 521 | _aPropedéutico | ||
| 526 | _aSEG42 | ||
| 526 | _aSEG41 | ||
| 526 | _aSEG40 | ||
| 526 | _aSEG39 | ||
| 526 | _aP94 | ||
| 526 | _aP87 | ||
| 526 | _aP86 | ||
| 526 | _aP85 | ||
| 526 | _aP77 | ||
| 526 | _aP76 | ||
| 526 | _aP35 | ||
| 630 | 0 | 4 |
_aBíblia _lEspañol _sEvaristo Martín Nieto _f1964. |
| 942 |
_2ddc _cBOOK |
||
| 949 |
_a220 S71 _i52997 _lCCODEBUL1 _mBUL _tLIBRO _o.STAFF. Circulación |
||
| 859 |
_q52997 _h220 _iS71 |
||
| 910 |
_aaj _bjs _cop _d20040624 |
||
| 596 | _a1 | ||
| 999 |
_a220 S71 _wDEWEY _c34849 _i52997 _d34849 _e2019-11-6 _f2021-11-9 _g5 _lCCODEBUL1 _mBUL _n21 _p8.00 _q6 _r0 _sY _tBOOK _u2015-6-24 _xTEOLOGIA _zUNKNOWN _0COMPRA _o.STAFF. Colección General |
||
| 980 |
_81 _gALBERTO SANCHEZ Responsable de Automatización |
||